MARC details
| 000 -LEADER |
| fixed length control field |
01460pam a2200337 a 4500 |
| 001 - CONTROL NUMBER |
| control field |
3886841 |
| 003 - CONTROL NUMBER IDENTIFIER |
| control field |
GZU |
| 005 - DATE AND TIME OF LATEST TRANSACTION |
| control field |
20201123121557.0 |
| 008 - FIXED-LENGTH DATA ELEMENTS--GENERAL INFORMATION |
| fixed length control field |
900529s1990 enka b 101 0 eng |
| 010 ## - LIBRARY OF CONGRESS CONTROL NUMBER |
| LC control number |
90003740 |
| 020 ## - INTERNATIONAL STANDARD BOOK NUMBER |
| International Standard Book Number |
1850006504 : |
| 020 ## - INTERNATIONAL STANDARD BOOK NUMBER |
| International Standard Book Number |
1850006512 (pbk.) : |
| 040 ## - CATALOGING SOURCE |
| Original cataloging agency |
DLC |
| Transcribing agency |
DLC |
| Modifying agency |
DLC |
| 043 ## - GEOGRAPHIC AREA CODE |
| Geographic area code |
e-uk--- |
| -- |
e-gw--- |
| 050 00 - LIBRARY OF CONGRESS CALL NUMBER |
| Classification number |
HQ792.G7 |
| Item number |
CHI 1990 |
| 082 00 - DEWEY DECIMAL CLASSIFICATION NUMBER |
| Classification number |
305.23/0943 |
| Edition number |
20 |
| 245 00 - TITLE STATEMENT |
| Title |
Childhood, youth, and social change : |
| Remainder of title |
a comparative perspective / |
| Statement of responsibility, etc. |
edited by Lynne Chisholm ... [et al.]. |
| 260 ## - PUBLICATION, DISTRIBUTION, ETC. |
| Place of publication, distribution, etc. |
London ; |
| -- |
New York : |
| Name of publisher, distributor, etc. |
Falmer Press, |
| Date of publication, distribution, etc. |
1990. |
| 300 ## - PHYSICAL DESCRIPTION |
| Extent |
vii, 278 p. : |
| Other physical details |
ill. ; |
| Dimensions |
25 cm. |
| 500 ## - GENERAL NOTE |
| General note |
"The chapters in this volume were written for a bilateral United Kingdom (UK)-West German (FRG) conference held at the University of Marburg Institute of Education in November 1988"--P. 1. |
| 504 ## - BIBLIOGRAPHY, ETC. NOTE |
| Bibliography, etc. note |
Includes bibliographical references (p. 237-267) and index. |
| 650 #0 - SUBJECT ADDED ENTRY--TOPICAL TERM |
| Topical term or geographic name entry element |
Children |
| Geographic subdivision |
Great Britain |
| General subdivision |
Social conditions |
| -- |
Congresses. |
| 650 #0 - SUBJECT ADDED ENTRY--TOPICAL TERM |
| Topical term or geographic name entry element |
Children |
| Geographic subdivision |
Germany (West) |
| General subdivision |
Social conditions |
| -- |
Congresses. |
| 650 #0 - SUBJECT ADDED ENTRY--TOPICAL TERM |
| Topical term or geographic name entry element |
Youth |
| Geographic subdivision |
Great Britain |
| General subdivision |
Social conditions |
| -- |
Congresses. |
| 650 #0 - SUBJECT ADDED ENTRY--TOPICAL TERM |
| Topical term or geographic name entry element |
Youth |
| Geographic subdivision |
Germany (West) |
| General subdivision |
Social conditions |
| -- |
Congresses. |
| 700 1# - ADDED ENTRY--PERSONAL NAME |
| Personal name |
Chisholm, Lynne. |
| 856 42 - ELECTRONIC LOCATION AND ACCESS |
| Materials specified |
Publisher description |
| Uniform Resource Identifier |
<a href="http://www.loc.gov/catdir/enhancements/fy0914/90003740-d.html">http://www.loc.gov/catdir/enhancements/fy0914/90003740-d.html</a> |
| 906 ## - LOCAL DATA ELEMENT F, LDF (RLIN) |
| a |
7 |
| b |
cbc |
| c |
orignew |
| d |
1 |
| e |
ocip |
| f |
19 |
| g |
y-gencatlg |
| 942 ## - ADDED ENTRY ELEMENTS (KOHA) |
| Source of classification or shelving scheme |
Library of Congress Classification |
| Koha item type |
Books |
| Classification part |
792.G7 |
| Item part |
CHI |
| Call number prefix |
HQ |